00261nam a2200097Ia 4500008004100000100001900041245002700060260005200087300000800139650001600147191201s2001 xx 000 0 und d aBLANCHARD, Ken 0aLeadership by the Book aN.DelhibHarper Collins Publishers Londonc2001 a220 aB.Tech(ECE)